[Event "Novosibirsk Sukharev Memorial Seniors"]
[Site "Novosibirsk"]
[Date "2009.07.22"]
[Round "5"]
[White "Migunov, Vladislav"]
[Black "Chesnokov, Gennady"]
[Result "1-0"]
[WhiteElo "1900"]
[BlackElo "2019"]
[PlyCount "87"]
[EventDate "2009.07.18"]
[EventType "swiss"]
[EventRounds "9"]
[EventCountry "RUS"]
[SourceTitle "EXT 2021"]
[Source "ChessBase"]
[SourceDate "2020.10.23"]
[SourceVersion "1"]
[SourceVersionDate "2020.10.23"]
[SourceQuality "1"]

1. e4 c6 2. d4 d5 3. Nc3 g6 4. h3 Bg7 5. Nf3 b6 6. Bd3 dxe4 7. Nxe4 Nh6 8. c3 0-0 9. 0-0 Ba6 10. Bf4 Qc8 11. Re1 Nd7 12. Qd2 Bxd3 13. Qxd3 Kh8 14. Neg5 Re8 15. Qe3 f6 16. Ne6 Nf5 17. Qd2 Nf8 18. Nc7 Qd7 19. Nxa8 Rxa8 20. g4 Nd6 21. b3 h5 22. Nh2 hxg4 23. hxg4 Nf7 24. Rad1 Kh7 25. Qe3 e6 26. c4 Qe7 27. Nf3 Nh6 28. Bxh6 Bxh6 29. Qe4 Rc8 30. d5 cxd5 31. cxd5 f5 32. gxf5 gxf5 33. Qxf5+ Kh8 34. dxe6 Rc5 35. Qf7 Qxf7 36. exf7 Rf5 37. Ne5 Bg7 38. Rd8 Kh7 39. Nd7 Rxf7 40. Nxf8+ Bxf8 41. Red1 Bc5 42. R8d7 Kg6 43. Rxf7 Kxf7 44. Rd7+ 1-0

[Event "Novosibirsk op 03"]
[Site "Novosibirsk"]
[Date "2009.03.27"]
[Round "7"]
[White "Chuguev, Anton"]
[Black "Chesnokov, Gennady"]
[Result "1-0"]
[WhiteElo "2214"]
[BlackElo "2019"]
[PlyCount "57"]
[EventDate "2009.03.17"]
[EventType "swiss"]
[EventRounds "9"]
[EventCountry "RUS"]
[SourceTitle "EXT 2012"]
[Source "ChessBase"]
[SourceDate "2011.11.24"]
[SourceVersion "1"]
[SourceVersionDate "2011.11.24"]
[SourceQuality "1"]

1. d4 Nf6 2. g3 d5 3. Bg2 e6 4. c4 Bd7 5. cxd5 exd5 6. Nc3 c6 7. Nf3 Bd6 8. 0-0 0-0 9. Ne5 Re8 10. Nxd7 Nbxd7 11. Qd3 Nf8 12. Bd2 Qd7 13. Rad1 h6 14. f3 Rad8 15. Be3 Bb8 16. Kh1 Ng6 17. Bg1 Qe6 18. Qc2 Re7 19. e4 dxe4 20. fxe4 Qg4 21. Rf5 Nf8 22. e5 Nd5 23. Nxd5 cxd5 24. Rdf1 Ne6 25. Qd3 a6 26. Bf3 Nc5 27. dxc5 Qb4 28. Bxd5 Kh8 29. Rxf7 1-0